000 00545nam a2200181 a 4500
001 11412
003 CO-ViMGA
008 141112s2004 ck r 000 u spa d
040 _aCO-ViMGA
_bspa
_cCO-ViMGA
082 0 4 _aCo863.6 S97121
100 1 _aSalamanca, Rafael
_915893
245 1 0 _aCarne de Brujo
260 _aBogotá :
_bVisión litografia,
_c1972
300 _a155p.
590 _aForma de adquisición : DONACION - - Proveedor : RAFAEL SALAMANC - - Fecha de adquisición : 31 - 01 - 2001
650 1 4 _aNOVELA
_949122
942 _2ddc
_cBK
999 _c22610
_d22610